000 00516nam a2200145Ia 4500
008 100122s9999 xx 000 0 und d
082 _b60441
_a822.08
100 _aसबनीस वसंत
245 _aआमची मेली पुरूषाची जात
260 _bजतिन रांगणेकर
_c2001
300 _a60
630 _aआमची मेली पुरूषाची जात
730 _aआमची मेली पुरूषाची जात
942 _cBOOK
999 _c435595
_d435592